WTA Finals Champions - Statistics

General Stats
  • This quiz has been taken 206 times
    171 since last reset
  • The average score is 39 of 49
Answer Stats
Year Country Answer % Correct
2001 USA Serena Williams
99%
2009 USA Serena Williams
99%
2012 USA Serena Williams
99%
2013 USA Serena Williams
99%
2014 USA Serena Williams
99%
2008 USA Venus Williams
99%
2019 Australia Ashleigh Barty
92%
2017 Denmark Caroline Wozniacki
91%
2002 Belgium Kim Clijsters
91%
2003 Belgium Kim Clijsters
91%
2010 Belgium Kim Clijsters
91%
1987 Germany Steffi Graf
91%
1989 Germany Steffi Graf
91%
1993 Germany Steffi Graf
91%
1995 Germany Steffi Graf
91%
1996 Germany Steffi Graf
91%
2004 Russia Maria Sharapova
90%
2018 Ukraine Jelina Svitolina
89%
1978 USA Martina Navratilova
88%
1979 USA Martina Navratilova
88%
1981 USA Martina Navratilova
88%
1983 USA Martina Navratilova
88%
1984 USA Martina Navratilova
88%
1985 USA Martina Navratilova
88%
1986 (1) USA Martina Navratilova
88%
1986 (2) USA Martina Navratilova
88%
1998 Switzerland Martina Hingis
87%
2000 Switzerland Martina Hingis
87%
1990 Yugoslavia Monica Seles
86%
1991 Yugoslavia Monica Seles
86%
1992 Yugoslavia Monica Seles
86%
2011 Czech Republic Petra Kvitova
86%
2015 Poland Agnieszka Radwanska
83%
1972 USA Chris Evert
78%
1973 USA Chris Evert
78%
1975 USA Chris Evert
78%
1977 USA Chris Evert
78%
2005 France Amelie Mauresmo
72%
1999 USA Lindsey Davenport
68%
2016 Slovakia Dominika Cibulkova
64%
1988 Argentina Gabriela Sabatini
62%
1994 Argentina Gabriela Sabatini
62%
1976 Australia Evonne Cawley
57%
1974 Australia Evonne Goolagong
57%
1997 Czech Republic Jana Novotna
51%
2006 Belgium Justine Henin-Hardenne
46%
2007 Belgium Justine Henin-Hardenne
46%
1980 USA Tracy Austin
43%
1982 Germany Sylvia Hanika
8%
No matching quizzes found
Score Distribution
Percent of People with Each Score
Percentile by Number Answered
Your Score History
You have not taken this quiz since the last reset